000 00658nam a2200205Ia 4500
003 OSt
005 20260508125849.0
008 210210b1981 xxu||||| |||| 00| 0 eng d
040 _cAL
041 _aSanskrit
082 _aS891.1 PANM
100 _aPANDEY (Janardan Shastri).
_dजनार्दन शास्त्री पाण्डेय
_9263622
245 _aManusmriti (Dwitiya Adhyaya)
_bमनुस्मृतिः (द्वितीय अध्याय)
260 _aDilli
_bMotilal Banarsidas
_c1981
300 _a112
650 _aManusmrati
_9263623
690 _aSanskrit Poetry
_9263624
906 _a045949
942 _2ddc
_cBK
999 _c95335
_d95335